Riconosci l'Anno dagli eventi - Quiz n°466 - Statistics

Statistiche generali
  • Questo quiz è stato fatto 6 volte
  • Il punteggio medio è 8 su 10
Statistiche sulle risposte
Indizio Risposta % Corretto
A 18 marzo - Chiara d'Assisi fonda l'ordine monastico francescano delle Clarisse.
100%
B 26 maggio - Viene consacrata l'Abbazia di San Cassiano a Montescalari.
100%
C Prende avvio la crociata dei fanciulli.
100%
D 10 luglio: a Londra scoppia un grave incendio che rade al suolo gran parte della città: muoiono oltre 3.000 persone, la maggior parte delle quali annegando nel Tamigi anche mentre tentano di sfuggire alle fiamme.
80%
E 16 luglio: Battaglia di Las Navas de Tolosa; i Crociati che difendono i cristiani spagnoli sconfiggono gli Almohadi del Marocco ed espellono i musulmani dalla Spagna settentrionale.
80%
F Dicembre - Col il sostegno di Papa Innocenzo III, Federico II di Svevia viene incoronato Re di Germania.
80%
G I Crociati completano la conquista della Morea conquistando Argo, che viene annessa alla Signoria di Argo e Nauplia appartenente a Ottone de la Roche.
80%
I Lo scrittore giapponese Kamo no Chōmei compone Hōjōki, una grande opera in prosa del classicismo nipponico.
80%
H Nei Carpazi del Sud (odierna Romania) l'Ordine teutonico erige il Castello di Bran.
80%
Anno 1212
40%
Nessun quiz corrispondente trovato
Distribuzione punteggi
Percentuale di utenti per punteggio
Percentile per numero di risposta
I tuoi punteggi nel tempo
Non hai fatto questo quiz